Small fractional parts of polynomials /

Guardado en:
Autor Principal: Schmidt, Wolfgang M., 1933-
Formato: Libro
Idioma:English
Publicado: Providence, R.I. : Published for the Conference Board of the Mathematical Sciences by the American Mathematical Society, c1977.
Series:Regional conference series in mathematics ; no. 32
Materias:
Etiquetas: Agregar Etiqueta
Sin Etiquetas, Sea el primero en etiquetar este registro!
LEADER 00944cam a2200241 a 4500
001 MAT.inmabb005004
008 770428s1977####riu######b####000#0#eng##
005 20111117154357.0
245 1 0 |a Small fractional parts of polynomials /  |c by Wolfgang M. Schmidt. 
260 |a Providence, R.I. :  |b Published for the Conference Board of the Mathematical Sciences by the American Mathematical Society,  |c c1977. 
300 |a v, 41 p. ;  |c 26 cm. 
440 0 |a Regional conference series in mathematics ;  |v no. 32 
500 |a "Expository lectures from the CBMS Regional Conference held at Illinois State University, July 26-30, 1976." 
504 |a Bibliografía: p. 40-41. 
510 4 |a MR,  |c 56 #15568 
020 |a 0821816829 
100 1 |a Schmidt, Wolfgang M.,  |d 1933- 
650 0 |a Diophantine analysis. 
650 0 |a Polynomials. 
084 |a 11Jxx  |2 msc2000 
010 |a  77008028  
040 |a DLC  |c DLC  |d DLC 
859 |h 11  |i Sc349  |p A-5354  |b BIB. MATEMATICA